000 01054nam a22003257a 4500
001 062
003 DO-SdBNP
005 20180220153142.0
007 062
008 151005b 1992 sp a 00| 0 spa d
020 _a843481949X
040 _aBPMSU
_bspa
_cBPMSU
092 _aXXXX
_bXXXX
100 1 _aGordon Langford, Sandra
240 1 0 _aRed bird of Ireland /
_f1986
_leng
245 1 0 _aPájaro rojo de Irlanda /
_cSandra Gordon Langford ; ilustraciones Javier Aguirre de Navasqües ; traducción José Enrique Cubedo ; colección dirigida por Marinella Terzi
250 _a5a. ed.
260 _aMadrid :
_bEdiciones SM,
_c1992.
300 _a171 p. :
_bil. ;
_c19 cm.
490 1 _aEl barco de vapor
_aSerie Roja
_v32
521 1 _aA partir de los 12 años
700 1 2 _aTerzi, Marinella
_edir.
700 1 2 _aAguirre de Navasqües, Javier
_eil.
700 1 2 _aCubedo, José Enrique
_etrad.
830 0 _aBarco de vapor
_n32
_pSerie Roja
910 _a202
942 _2ddc
_cBK
945 _aInventariado, 2018/ YL
956 _aYLOCKWARD
_b10
_cBPMSU
999 _c8469
_d8469